000 00217nam a2200121Ia 4500
100 _a#N/A
942 _cBK
654 _aROCKBOX
245 _aPlayware ; ROCKBOX
260 _b#N/A
546 _aENGLISH
999 _c20053
_d20053